00624nam a2200181 a 450000500170000000800410001705000240005810000240008224500620010625000220016826000490019030000170023944000290025665000100028565000140029599900190030995201140032820140412111236.0010206s19uu xx 00 eng d aTR(GS 414bW37 1978 aWartenberg, Herbert aPhonics C :bshort vowel sounds /cby Herbert Wartenberg. aTeacher's Edition aNew York :bScholastic Book Services,c1978. a32 p. ; ill. aA Scholastic Skills Book aVowel aPhonetics c102441d102441 001040aELbELcTRd2001-02-06eLib. Fundl0oTR(GS 414 W37 1978pE1754r2014-04-12 00:00:00w2014-04-12yBK